Normal view MARC view

Entry Personal Name

Number of records used in: 1

001 - CONTROL NUMBER

  • control field: 8033

003 - CONTROL NUMBER IDENTIFIER

  • control field: OSt

005 - DATE AND TIME OF LATEST TRANSACTION

  • control field: 20160418180806.0

008 - FIXED-LENGTH DATA ELEMENTS

  • fixed length control field: 160418|| aca||aabn | a|a d

040 ## - CATALOGING SOURCE

  • Original cataloging agency: OSt
  • Transcribing agency: OSt

100 ## - HEADING--PERSONAL NAME

  • Personal name: Lifshits, E. M.
  • Fuller form of name: (Evgenii Mikhailovich)

670 ## - SOURCE DATA FOUND

  • Source citation: Work cat.: (OSt)3599: Landau, L. D. (Lev Davidovich), 1908-1968. 8031, Fluid mechanics /, 1987.